| 000 | 00777nam0a22002411 4500 | ||
|---|---|---|---|
| 001 | rc\105461 | ||
| 005 | 20250620183050.0 | ||
| 035 | _a(NLR Aleph) 005367434 | ||
| 090 |
_a6963877 _c6963877 |
||
| 100 | _a20021216d1993 |||y0rusy50 ca | ||
| 101 | 0 | _arus | |
| 102 | _aRU | ||
| 105 | _ay ||||||||| | ||
| 200 | 1 |
_aСобрание Господней трапезы _dThe Lord's table meeting _eДля воспоминания Господа и поклонения Отцу _eКонспекты _e[Пер. с англ.] |
|
| 210 |
_aМ. _cБ. и. _d1993 |
||
| 215 |
_a51 с. _d21 |
||
| 510 | 0 | _aThe Lord's table meeting | |
| 700 | 1 |
_aЛи _bУ. _f-1997 _gУитнесс |
|
| 801 | 0 |
_aRU _bNLR _gpsbo |
|
| 801 | 1 |
_aRU _bELAR _2rusmarc |
|
| 852 |
_aNLR _j94-6/121 |
||
| 942 | _cBOOK | ||
| 980 | _aNB | ||